[Event "DEN-chT 2425 62nd"]
[Site "Denmark"]
[Date "2024.11.17"]
[Round "3.6"]
[White "Carstensen, Jacob"]
[Black "Borge, Nikolaj"]
[Result "0-1"]
[WhiteElo "2321"]
[BlackElo "2353"]
[PlyCount "102"]
[EventDate "2024.11.02"]
[EventType "team-tourn"]
[EventRounds "9"]
[EventCountry "DEN"]
[SourceTitle "CB16_2025"]
[SourceDate "2025.04.16"]
[SourceVersion "1"]
[SourceVersionDate "2025.04.16"]
[SourceQuality "1"]
[WhiteTeam "Bronshoj"]
[BlackTeam "Hillerod"]
[WhiteTeamCountry "DEN"]
[BlackTeamCountry "DEN"]

1. d4 d5 2. c4 dxc4 3. Nf3 a6 4. e3 Bg4 5. Bxc4 e6 6. h3 Bh5 7. Nc3 Nc6 8. g4 Bg6 9. e4 Nf6 10. e5 Ne4 11. 0-0 Be7 12. Re1 Ng5 13. Bxg5 Bxg5 14. d5 exd5 15. Bxd5 Be7 16. Qa4 0-0 17. Bxc6 bxc6 18. Qxc6 f5 19. Nd5 fxg4 20. hxg4 Kh8 21. Kg2 Be8 22. Qc4 Rb8 23. Rh1 h6 24. Rad1 Rxb2 25. Qc1 Rxa2 26. Nf6 Bxf6 27. Rxd8 Bxd8 28. Qc5 Rg8 29. Qc4 Ra4 30. Qe6 Rf8 31. g5 Raf4 32. gxh6 g5 33. Rd1 Bh5 34. Rxd8 Bxf3+ 35. Kg3 Rxd8 36. Qe7 Rg8 37. e6 Bd5 38. Qxc7 Rf3+ 39. Kg4 Rf4+ 40. Kg3 Bxe6 41. Qe5+ Kh7 42. Qxe6 Rg6 43. Qc8 Rgf6 44. Qb7+ Kxh6 45. Qh1+ Kg7 46. Qb7+ Kg6 47. Qb1+ R6f5 48. Qb6+ Kh5 49. Qxa6 Rxf2 50. Qd3 g4 51. Qb1 R5f3# 0-1

[Event "DEN-chT 2122 59th"]
[Site "Denmark"]
[Date "2022.01.29"]
[Round "5.2"]
[White "Carstensen, Jacob"]
[Black "Thybo, Jesper Sondergaard"]
[Result "1/2-1/2"]
[WhiteElo "2361"]
[BlackElo "2602"]
[PlyCount "51"]
[EventDate "2021.10.30"]
[EventType "team-tourn"]
[EventRounds "9"]
[EventCountry "DEN"]
[SourceTitle "EXT 2023"]
[Source "ChessBase"]
[SourceDate "2022.10.05"]
[SourceVersion "1"]
[SourceVersionDate "2022.10.05"]
[SourceQuality "1"]
[WhiteTeam "Bronshoj"]
[BlackTeam "Koge Xtracon"]
[WhiteTeamCountry "DEN"]
[BlackTeamCountry "DEN"]

1. d4 Nf6 2. c4 e6 3. Nc3 Bb4 4. Qc2 d5 5. cxd5 exd5 6. Bg5 0-0 7. e3 h6 8. Bh4 Re8 9. Bd3 c5 10. Nge2 c4 11. Bh7+ Kf8 12. Bf5 Bxf5 13. Qxf5 Qd7 14. Qc2 Ne4 15. f3 Nd6 16. Qh7 f6 17. e4 dxe4 18. fxe4 Bxc3+ 19. Nxc3 Nxe4 20. 0-0 Ng5 21. Bxg5 hxg5 22. Rae1 Qxd4+ 23. Kh1 Nc6 24. Qh8+ Kf7 25. Qh5+ Kf8 26. Qh8+ 1/2-1/2

[Event "DEN-chT 2122 59th"]
[Site "Denmark"]
[Date "2022.01.16"]
[Round "4.5"]
[White "Christensen, Stefan"]
[Black "Carstensen, Jacob"]
[Result "1-0"]
[WhiteElo "2266"]
[BlackElo "2361"]
[PlyCount "87"]
[EventDate "2021.10.30"]
[EventType "team-tourn"]
[EventRounds "9"]
[EventCountry "DEN"]
[SourceTitle "EXT 2024"]
[Source "ChessBase"]
[SourceDate "2023.10.10"]
[SourceVersion "1"]
[SourceVersionDate "2023.10.10"]
[SourceQuality "1"]
[WhiteTeam "Jetsmark"]
[BlackTeam "Bronshoj"]
[WhiteTeamCountry "DEN"]
[BlackTeamCountry "DEN"]

1. d4 Nf6 2. Nf3 e6 3. e3 d5 4. Bd3 c5 5. b3 cxd4 6. exd4 Nc6 7. 0-0 Ne4 8. Bb2 f5 9. a3 Be7 10. Nbd2 0-0 11. c4 Bd7 12. Ne5 Nxe5 13. dxe5 Nxd2 14. Qxd2 Bc6 15. Rfd1 Qe8 16. Qe2 Qg6 17. f3 Rfd8 18. b4 Ba4 19. Rf1 dxc4 20. Bxc4 a6 21. Rac1 Rac8 22. Bd3 Bc6 23. Rc2 Qe8 24. Bc4 Bd5 25. Bxd5 Rxd5 26. Rfc1 Rxc2 27. Qxc2 Bg5 28. Rd1 Qc6 29. Qe2 Qb5 30. Kf2 Qb6+ 31. Kf1 Qd8 32. Rxd5 Qxd5 33. g3 Kf7 34. Kg2 Ke8 35. Kf2 Kd7 36. Qc2 Bd8 37. Ke2 b5 38. Qc3 Bb6 39. Qc2 a5 40. bxa5 Bxa5 41. a4 Bc7 42. axb5 Bxe5 43. Qc6+ Qxc6 44. bxc6+ 1-0

[Event "EU-Cup Online Gr-H"]
[Site "Tornelo INT"]
[Date "2021.03.28"]
[Round "9.4"]
[White "Ahn, Martin"]
[Black "Carstensen, Jacob"]
[Result "0-1"]
[WhiteElo "2171"]
[BlackElo "2361"]
[PlyCount "108"]
[EventDate "2021.03.27"]
[EventType "team-tourn (rapid)"]
[EventRounds "9"]
[EventCountry "NET"]
[SourceTitle "CBM 201 Extra"]
[Source "ChessBase"]
[SourceDate "2021.05.31"]
[SourceVersion "1"]
[SourceVersionDate "2021.05.31"]
[SourceQuality "1"]
[WhiteTeam "Eupen Rochade"]
[BlackTeam "Bronshoj"]
[WhiteTeamCountry "BEL"]
[BlackTeamCountry "DEN"]

1. e4 c5 2. Nf3 d6 3. d4 Nf6 4. Nc3 cxd4 5. Qxd4 a6 6. e5 Nc6 7. Qa4 dxe5 8. Nxe5 Bd7 9. Nxd7 Nxd7 10. Be3 e6 11. 0-0-0 Be7 12. Qg4 h5 13. Qg3 Qa5 14. Bc4 h4 15. Qf4 g5 16. Qf3 Nde5 17. Qe2 Nxc4 18. Qxc4 Rc8 19. Kb1 0-0 20. Bd2 Ne5 21. Qb3 Nc4 22. Ne4 Qf5 23. Rhe1 Rfd8 24. f3 b5 25. Bc3 Ne3 26. Rxd8+ Rxd8 27. Ba5 Nxg2 28. Bxd8 Nxe1 29. Bxe7 Nxf3 30. Nf6+ Kg7 31. Qc3 Nxh2 32. a3 Kg6 33. Qc8 Qf1+ 34. Ka2 Qc4+ 35. Qxc4 bxc4 36. b4 cxb3+ 37. cxb3 h3 38. Ne4 g4 39. Bd6 Nf1 40. b4 f5 41. Nf2 h2 42. Nh1 Kf6 43. a4 e5 44. b5 axb5 45. axb5 g3 46. b6 g2 47. b7 gxh1Q 48. b8Q Qd5+ 49. Ka3 h1Q 50. Qd8+ Kg6 51. Qe8+ Qf7 52. Qxe5 Qf3+ 53. Kb4 Q3b3+ 54. Kc5 Qfc4# 0-1

[Event "EU-Cup Online Gr-H"]
[Site "Tornelo INT"]
[Date "2021.03.27"]
[Round "1.2"]
[White "Carstensen, Jacob"]
[Black "Olsen, Filip Boe"]
[Result "0-1"]
[WhiteElo "2361"]
[BlackElo "2379"]
[PlyCount "120"]
[EventDate "2021.03.27"]
[EventType "team-tourn (rapid)"]
[EventRounds "9"]
[EventCountry "NET"]
[SourceTitle "CBM 201 Extra"]
[Source "ChessBase"]
[SourceDate "2021.05.31"]
[SourceVersion "1"]
[SourceVersionDate "2021.05.31"]
[SourceQuality "1"]
[WhiteTeam "Bronshoj"]
[BlackTeam "Kiel Doppelbauer"]
[WhiteTeamCountry "DEN"]
[BlackTeamCountry "GER"]

1. d4 Nf6 2. c4 e6 3. Nc3 Bb4 4. Qc2 0-0 5. e4 d5 6. e5 Ne4 7. Bd3 c5 8. Nf3 cxd4 9. Nxd4 Nd7 10. Bxe4 dxe4 11. Qxe4 Qa5 12. 0-0 Qxe5 13. Qh4 h6 14. Ndb5 Qf6 15. Qg3 a6 16. Ne4 Qe5 17. Nbc3 Qxg3 18. hxg3 Ne5 19. b3 f5 20. a3 Ba5 21. Bf4 Nd3 22. b4 Nxf4 23. bxa5 fxe4 24. gxf4 Rxf4 25. Rad1 e5 26. Rd8+ Rf8 27. Rxf8+ Kxf8 28. Nxe4 Be6 29. Nd6 Ke7 30. c5 Bd5 31. f4 exf4 32. Rxf4 Kd7 33. Rf5 Kc6 34. g4 Rb8 35. g5 Kxc5 36. Ne4+ Kd4 37. Nd6 Rd8 38. Nf7 Bxf7 39. Rxf7 hxg5 40. Rxb7 Rd5 41. Rb4+ Kc3 42. Rg4 Rxa5 43. a4 Kb3 44. Kf2 Rxa4 45. Rxg5 Re4 46. Rxg7 a5 47. Rb7+ Ka3 48. Kf3 Re8 49. Rb6 a4 50. Rb7 Ka2 51. Rb6 a3 52. Kf2 Ka1 53. Rb7 a2 54. Rb6 Re4 55. Rb7 Rc4 56. Ke2 Rc1 57. Kd2 Rb1 58. Ra7 Kb2 59. Rb7+ Ka3 60. Ra7+ Kb3 0-1

[Event "EU-Cup Online Gr-H"]
[Site "Tornelo INT"]
[Date "2021.03.27"]
[Round "4.3"]
[White "Zambor, Norbert"]
[Black "Carstensen, Jacob"]
[Result "1-0"]
[WhiteElo "2260"]
[BlackElo "2361"]
[PlyCount "87"]
[EventDate "2021.03.27"]
[EventType "team-tourn (rapid)"]
[EventRounds "9"]
[EventCountry "NET"]
[SourceTitle "CBM 201 Extra"]
[Source "ChessBase"]
[SourceDate "2021.05.31"]
[SourceVersion "1"]
[SourceVersionDate "2021.05.31"]
[SourceQuality "1"]
[WhiteTeam "Prakovce"]
[BlackTeam "Bronshoj"]
[WhiteTeamCountry "SVK"]
[BlackTeamCountry "DEN"]

1. e4 c5 2. Nf3 d6 3. Bb5+ Nd7 4. 0-0 a6 5. Bd3 Ngf6 6. c3 b5 7. Bc2 c4 8. Re1 e6 9. b3 Bb7 10. Na3 Qc7 11. Rb1 cxb3 12. axb3 d5 13. exd5 Bxd5 14. c4 Bb7 15. cxb5 Bb4 16. Bd3 Nc5 17. Bf1 0-0 18. Nc2 a5 19. Bb2 Ng4 20. Ne5 Nxe5 21. Bxe5 Qb6 22. Nxb4 axb4 23. d4 Nd7 24. Bf4 Nf6 25. Be5 Nd5 26. Bd3 f6 27. Bg3 Nc3 28. Qh5 f5 29. Rbc1 Qxd4 30. Bc4 Bd5 31. Be5 Qd2 32. Bxc3 bxc3 33. Red1 Bxc4 34. bxc4 Qf4 35. Rxc3 Rfd8 36. Rf1 Ra2 37. Qf3 Qd2 38. c5 Rb2 39. b6 Rb5 40. Rcc1 Qb4 41. Qe3 Kf7 42. h3 Rd5 43. Rfe1 e5 44. c6 1-0

[Event "DEN-chT 2021"]
[Site "Denmark"]
[Date "2020.10.25"]
[Round "2.5"]
[White "Madsen, Michael Bohring"]
[Black "Carstensen, Jacob"]
[Result "0-1"]
[WhiteElo "2046"]
[BlackElo "2350"]
[PlyCount "68"]
[EventDate "2020.10.24"]
[EventType "team-tourn"]
[EventRounds "9"]
[EventCountry "DEN"]
[SourceTitle "EXT 2025"]
[Source "ChessBase"]
[SourceDate "2024.10.14"]
[SourceVersion "1"]
[SourceVersionDate "2024.10.14"]
[SourceQuality "1"]
[WhiteTeam "Fredericia"]
[BlackTeam "Bronshoj"]
[WhiteTeamCountry "DEN"]
[BlackTeamCountry "DEN"]

1. d4 Nf6 2. c4 e6 3. Nc3 Bb4 4. e3 0-0 5. Bd3 d5 6. cxd5 exd5 7. a3 Bxc3+ 8. bxc3 c5 9. Ne2 c4 10. Bc2 Nc6 11. 0-0 Re8 12. Re1 b5 13. f3 a5 14. Rb1 Rb8 15. Ng3 h5 16. e4 h4 17. e5 hxg3 18. exf6 gxh2+ 19. Kh1 Be6 20. Bg5 gxf6 21. Bh4 Qd6 22. Qd2 Kg7 23. Qf2 f5 24. Bg3 f4 25. Bxh2 Rh8 26. Qd2 Rh4 27. g3 Rh3 28. gxf4 Rbh8 29. Re2 Rxf3 30. Rg1+ Kf8 31. f5 Bxf5 32. Qg5 Bg6 33. Bxg6 Rfh3 34. Rgg2 Qxg6 0-1

[Event "DEN-chT 2021"]
[Site "Denmark"]
[Date "2020.10.24"]
[Round "1.5"]
[White "Carstensen, Jacob"]
[Black "Boe Olsen, Filip"]
[Result "1-0"]
[WhiteElo "2350"]
[BlackElo "2360"]
[PlyCount "77"]
[EventDate "2020.10.24"]
[EventType "team-tourn"]
[EventRounds "9"]
[EventCountry "DEN"]
[SourceTitle "EXT 2025"]
[Source "ChessBase"]
[SourceDate "2024.10.14"]
[SourceVersion "1"]
[SourceVersionDate "2024.10.14"]
[SourceQuality "1"]
[WhiteTeam "Bronshoj"]
[BlackTeam "Skanderborg"]
[WhiteTeamCountry "DEN"]
[BlackTeamCountry "DEN"]

1. d4 Nf6 2. c4 e6 3. Nc3 Bb4 4. Qc2 0-0 5. e4 d5 6. e5 Ne4 7. Bd3 c5 8. Nf3 cxd4 9. Nxd4 Nd7 10. Bxe4 dxe4 11. Qxe4 Qa5 12. 0-0 Qxe5 13. Qh4 Nf6 14. Ndb5 Bd7 15. Bf4 Qh5 16. Qxh5 Nxh5 17. Bd6 Bxd6 18. Nxd6 Bc6 19. b4 Nf4 20. f3 b6 21. b5 Rfd8 22. Rad1 Bd5 23. g3 Rxd6 24. gxf4 Rc8 25. Ne4 Rdd8 26. cxd5 exd5 27. Nf2 Rc2 28. Nd3 Rxa2 29. Ra1 Rd2 30. Rfd1 Rxd1+ 31. Rxd1 d4 32. Nb4 h6 33. Nc6 Ra8 34. Ra1 d3 35. Kf2 Re8 36. Ra2 Kh7 37. Nxa7 Rd8 38. Ke3 Rd7 39. Nc6 1-0

[Event "DEN-ch sf"]
[Site "Svendborg"]
[Date "2020.10.17"]
[Round "6"]
[White "Carstensen, Jacob"]
[Black "Laursen, Niels Norskov"]
[Result "1-0"]
[WhiteElo "2350"]
[BlackElo "2247"]
[PlyCount "115"]
[EventDate "2020.10.09"]
[EventType "swiss"]
[EventRounds "9"]
[EventCountry "DEN"]
[SourceTitle "CBM 198 Extra"]
[Source "ChessBase"]
[SourceDate "2020.11.30"]
[SourceVersion "1"]
[SourceVersionDate "2020.11.30"]
[SourceQuality "1"]

1. d4 Nf6 2. c4 g6 3. Nc3 d5 4. cxd5 Nxd5 5. e4 Nxc3 6. bxc3 Bg7 7. Nf3 c5 8. Be3 Qa5 9. Qd2 0-0 10. Rc1 Rd8 11. d5 e6 12. Bg5 f6 13. Be3 Nc6 14. Bd3 Ne7 15. c4 Qxd2+ 16. Kxd2 b6 17. Kc2 Bd7 18. Rhe1 Ba4+ 19. Kd2 Re8 20. Bc2 Bxc2 21. Kxc2 exd5 22. exd5 Nf5 23. g4 Nd6 24. Nd2 Kf7 25. Bf4 Bf8 26. h3 Rxe1 27. Rxe1 Re8 28. Rxe8 Kxe8 29. Kd3 Kd7 30. Ne4 Nxe4 31. Kxe4 Bd6 32. Be3 Bh2 33. f4 Bg3 34. Bd2 a6 35. a4 a5 36. Bc3 Bh4 37. f5 Ke7 38. fxg6 hxg6 39. Bd2 Bg3 40. Kf3 Bh4 41. Bf4 Kd7 42. Ke4 Be1 43. Bb8 Kc8 44. Bf4 Kd7 45. Bb8 Kc8 46. Bh2 Kd7 47. Bf4 Bh4 48. g5 fxg5 49. Bc1 Kd6 50. Bd2 Ke7 51. Kf3 Kf6 52. Kg4 Ke5 53. Bc3+ Kd6 54. Bg7 b5 55. axb5 Bf2 56. Kf3 Bg1 57. Ke4 Bh2 58. Bf8+ 1-0

[Event "DEN-ch sf"]
[Site "Svendborg"]
[Date "2020.10.13"]
[Round "2"]
[White "Kakulidis, Ellen"]
[Black "Carstensen, Jacob"]
[Result "0-1"]
[WhiteElo "2073"]
[BlackElo "2350"]
[PlyCount "110"]
[EventDate "2020.10.09"]
[EventType "swiss"]
[EventRounds "9"]
[EventCountry "DEN"]
[SourceTitle "CBM 198 Extra"]
[Source "ChessBase"]
[SourceDate "2020.11.30"]
[SourceVersion "1"]
[SourceVersionDate "2020.11.30"]
[SourceQuality "1"]

1. d4 Nf6 2. g3 c5 3. d5 e6 4. Nc3 exd5 5. Nxd5 Nxd5 6. Qxd5 Nc6 7. c3 d6 8. Nh3 Be7 9. Nf4 0-0 10. Bg2 Ne5 11. 0-0 Rb8 12. Qd1 Re8 13. Nd5 Bf8 14. f4 Nc6 15. f5 f6 16. e4 Ne5 17. Rf4 Bd7 18. Qh5 g6 19. Qd1 g5 20. Rf2 Bc6 21. h4 gxh4 22. gxh4 Bxd5 23. Qxd5+ Kh8 24. Bf4 Qc7 25. Kh1 Ng4 26. Rd2 Rbd8 27. Bh3 Bh6 28. Bxh6 Nxh6 29. Rg1 Qf7 30. Qxf7 Nxf7 31. Bg2 Rg8 32. e5 dxe5 33. Rxd8 Rxd8 34. Bxb7 Nd6 35. Bd5 Nxf5 36. c4 Nxh4 37. Rg3 Ng6 38. Ra3 Ne7 39. Bg2 Rd7 40. Ra6 Kg7 41. Bh3 f5 42. Re6 e4 43. Re5 Rd1+ 44. Kh2 Rd2+ 45. Kg3 Kf6 46. Rxc5 Rxb2 47. Ra5 Kg5 48. Bf1 Nc6 49. Ra6 f4+ 50. Kh3 Rb6 51. Ra3 a5 52. Bg2 f3 53. Bxf3 exf3 54. Rxf3 Ne5 55. Rg3+ Kf4 0-1

[Event "DEN-chT 1920 58th"]
[Site "Denmark"]
[Date "2020.09.06"]
[Round "9.4"]
[White "Carstensen, Jacob"]
[Black "Wiwe, Andreas"]
[Result "1/2-1/2"]
[WhiteElo "2354"]
[BlackElo "2304"]
[PlyCount "21"]
[EventDate "2019.11.23"]
[EventType "team-tourn"]
[EventRounds "9"]
[EventCountry "DEN"]
[SourceTitle "EXT 2021"]
[Source "ChessBase"]
[SourceDate "2020.10.23"]
[SourceVersion "1"]
[SourceVersionDate "2020.10.23"]
[SourceQuality "1"]
[WhiteTeam "Bronshoj"]
[BlackTeam "Jetsmark"]
[WhiteTeamCountry "DEN"]
[BlackTeamCountry "DEN"]

1. d4 d5 2. c4 dxc4 3. Nf3 Nf6 4. e3 e6 5. Bxc4 c5 6. 0-0 a6 7. dxc5 Bxc5 8. Qxd8+ Kxd8 9. Nbd2 Ke7 10. Nb3 Bd6 11. Be2 1/2-1/2

[Event "Copenhagen Obro New Year op"]
[Site "Copenhagen"]
[Date "2019.12.29"]
[Round "4"]
[White "Matthiesen, Martin"]
[Black "Carstensen, Jacob"]
[Result "0-1"]
[WhiteElo "2249"]
[BlackElo "2358"]
[PlyCount "71"]
[EventDate "2019.12.27"]
[EventType "swiss"]
[EventRounds "7"]
[EventCountry "DEN"]
[SourceTitle "CBM 194 Extra"]
[Source "ChessBase"]
[SourceDate "2020.03.31"]
[SourceVersion "1"]
[SourceVersionDate "2020.03.31"]
[SourceQuality "1"]

1. d4 d5 2. c4 e6 3. Nf3 Nf6 4. Nc3 Bb4 5. e3 0-0 6. Bd3 c5 7. 0-0 Nc6 8. cxd5 exd5 9. dxc5 Bxc5 10. b3 Bg4 11. Ne2 Bxf3 12. gxf3 Ne5 13. Ng3 Qb6 14. Bb2 Rfe8 15. f4 Neg4 16. Be2 Nxf2 17. Kxf2 Bxe3+ 18. Kg2 d4 19. Bc4 h5 20. Nxh5 Qc6+ 21. Kh3 b5 22. Bxb5 Qxb5 23. Nxf6+ gxf6 24. Qg4+ Kf8 25. Ba3+ Re7 26. Qh4 Qf5+ 27. Kg2 Qc2+ 28. Rf2 Qg6+ 29. Qg3 Bxf2 30. Kxf2 Qc2+ 31. Kf1 Rae8 32. Qf3 d3 33. Re1 d2 34. Bxe7+ Rxe7 35. Rd1 Re3 36. Qd5 0-1

[Event "Copenhagen Obro New Year op"]
[Site "Copenhagen"]
[Date "2019.12.27"]
[Round "1"]
[White "Carstensen, Jacob"]
[Black "Hove, Svend Kjems"]
[Result "1-0"]
[WhiteElo "2358"]
[BlackElo "1910"]
[PlyCount "79"]
[EventDate "2019.12.27"]
[EventType "swiss"]
[EventRounds "7"]
[EventCountry "DEN"]
[SourceTitle "CBM 194 Extra"]
[Source "ChessBase"]
[SourceDate "2020.03.31"]
[SourceVersion "1"]
[SourceVersionDate "2020.03.31"]
[SourceQuality "1"]

1. d4 c5 2. d5 e5 3. e4 d6 4. Bb5+ Nd7 5. Ne2 a6 6. Bxd7+ Bxd7 7. 0-0 g6 8. f4 exf4 9. Bxf4 Qb6 10. Nd2 0-0-0 11. Nc4 Qc7 12. e5 b5 13. exd6 Qa7 14. Ne5 Nh6 15. Bxh6 Bxh6 16. Nxf7 Be3+ 17. Kh1 Bg4 18. Nxd8 Rxd8 19. h3 Bd7 20. Rf7 Qb6 21. Qd3 Bg5 22. Nc3 c4 23. Qg3 Be3 24. Re1 Re8 25. Nd1 Bc5 26. Rxe8+ Bxe8 27. Rc7+ Kb8 28. d7 Bxd7 29. Rxd7+ Kc8 30. Rxh7 Bd4 31. Qg4+ Kb8 32. Qf4+ Ka8 33. Qf8+ Qb8 34. Qxb8+ Kxb8 35. c3 Be5 36. Rh6 Kb7 37. Rxg6 a5 38. Re6 Bh8 39. g4 b4 40. Re4 1-0

[Event "DEN-chT 1718 56th"]
[Site "Denmark"]
[Date "2017.11.18"]
[Round "1.2"]
[White "Christensen, Stefan"]
[Black "Carstensen, Jacob"]
[Result "0-1"]
[WhiteElo "2278"]
[BlackElo "2361"]
[PlyCount "68"]
[EventDate "2017.11.18"]
[EventType "team-tourn"]
[EventRounds "9"]
[EventCountry "DEN"]
[SourceTitle "CBM 181 Extra"]
[Source "ChessBase"]
[SourceDate "2017.12.12"]
[SourceVersion "1"]
[SourceVersionDate "2017.12.12"]
[SourceQuality "1"]
[WhiteTeam "Jetsmark"]
[BlackTeam "Bronshoj"]
[WhiteTeamCountry "DEN"]
[BlackTeamCountry "DEN"]

1. e4 c5 2. Nf3 d6 3. Bc4 Nf6 4. d3 Nc6 5. c3 g6 6. 0-0 Bg7 7. Bb3 0-0 8. Re1 Bg4 9. h3 Bxf3 10. Qxf3 b5 11. Nd2 Nd7 12. Nf1 Qc7 13. Ne3 a5 14. a4 b4 15. Bd2 Rab8 16. Rab1 e6 17. Qg3 Nce5 18. Ng4 bxc3 19. bxc3 Nxd3 20. Qxd3 Rxb3 21. Rxb3 c4 22. Rb7 Qxb7 23. Qxd6 h5 24. Nh2 Ne5 25. Nf1 Nd3 26. Re3 Be5 27. Qa3 Qb3 28. Qa1 Rd8 29. g3 Nb2 30. f4 Bc7 31. Re1 Nxa4 32. Rb1 Qc2 33. Be3 Nxc3 34. Rb7 Ne2+ 0-1

[Event "Bruges Masters op"]
[Site "Bruges"]
[Date "2017.08.17"]
[Round "9"]
[White "Carstensen, Jacob"]
[Black "Gray, Mark S"]
[Result "1/2-1/2"]
[WhiteElo "2353"]
[BlackElo "2103"]
[PlyCount "145"]
[EventDate "2017.08.13"]
[EventType "swiss"]
[EventRounds "9"]
[EventCountry "BEL"]
[SourceTitle "CBM 180 Extra"]
[Source "ChessBase"]
[SourceDate "2017.10.06"]
[SourceVersion "1"]
[SourceVersionDate "2017.10.06"]
[SourceQuality "1"]

1. d4 d5 2. c4 e6 3. Nf3 Nf6 4. g3 Be7 5. Bg2 0-0 6. 0-0 Nbd7 7. Qc2 c6 8. Nbd2 b6 9. e4 Ba6 10. e5 Ne8 11. Re1 Rc8 12. cxd5 cxd5 13. Qa4 Nb8 14. Nf1 b5 15. Qd1 b4 16. h4 Nc6 17. Bg5 Bxg5 18. hxg5 Qb6 19. Ne3 Nc7 20. Qd2 Na5 21. b3 Nb5 22. Ng4 Nc6 23. Rad1 Nc3 24. Rc1 Ne2+ 25. Rxe2 Bxe2 26. Rxc6 Qxc6 27. Qxe2 Qc2 28. Qa6 Qb1+ 29. Kh2 Rc2 30. Qa5 Qxa2 31. Qxb4 Rfc8 32. g6 hxg6 33. Qe7 R2c3 34. Qh4 Rxf3 35. Bxf3 Qxb3 36. Kg2 Qc2 37. Ne3 Qb3 38. Qe7 a5 39. Qd7 Qb8 40. Nxd5 exd5 41. e6 fxe6 42. Qxe6+ Kf8 43. Bxd5 Qc7 44. Qg8+ Ke7 45. Qxg7+ Kd8 46. Qg8+ Ke7 47. Qxg6 Qd6 48. Qg5+ Qf6 49. Qe3+ Kd6 50. Bf3 Rf8 51. Qa3+ Kd7 52. Bg4+ Ke8 53. Qa4+ Kf7 54. Qxa5 Qxd4 55. Qf5+ Kg8 56. Qg6+ Qg7 57. Be6+ Kh8 58. Qh5+ Qh7 59. Qd5 Qg6 60. Qd4+ Qg7 61. Qe3 Qf6 62. Bd5 Rd8 63. Be4 Re8 64. Qf3 Qxf3+ 65. Kxf3 Kg7 66. Ke3 Kf6 67. Kf4 Rf8 68. g4 Rg8 69. Bf5 Rg7 70. Kg3 Rg5 71. Be4 Ra5 72. Kh4 Ke5 73. Bf5 1/2-1/2

[Event "Bruges Masters op"]
[Site "Bruges"]
[Date "2017.08.16"]
[Round "7"]
[White "Carstensen, Jacob"]
[Black "Motwani, Paul"]
[Result "1/2-1/2"]
[WhiteElo "2353"]
[BlackElo "2470"]
[PlyCount "45"]
[EventDate "2017.08.13"]
[EventType "swiss"]
[EventRounds "9"]
[EventCountry "BEL"]
[SourceTitle "CBM 180 Extra"]
[Source "ChessBase"]
[SourceDate "2017.10.06"]
[SourceVersion "1"]
[SourceVersionDate "2017.10.06"]
[SourceQuality "1"]

1. d4 d5 2. c4 c6 3. Nf3 Nf6 4. e3 g6 5. Nc3 Bg7 6. Bd3 0-0 7. 0-0 Bg4 8. h3 Bxf3 9. Qxf3 Qd6 10. Rd1 Nbd7 11. Qe2 Rfe8 12. f4 e6 13. c5 Qc7 14. b4 Nf8 15. g4 N6d7 16. Bb2 g5 17. Qf2 gxf4 18. exf4 f5 19. g5 h6 20. h4 hxg5 21. hxg5 Ng6 22. Ne2 Kf7 23. Kg2 1/2-1/2

[Event "Llucmajor op 6th"]
[Site "Llucmajor"]
[Date "2017.05.17"]
[Round "5"]
[White "Carstensen, Jacob"]
[Black "Forcen Esteban, Daniel"]
[Result "0-1"]
[WhiteElo "2366"]
[BlackElo "2545"]
[PlyCount "136"]
[EventDate "2017.05.14"]
[EventType "swiss"]
[EventRounds "9"]
[EventCountry "ESP"]
[SourceTitle "CBM 178 Extra"]
[Source "ChessBase"]
[SourceDate "2017.06.22"]
[SourceVersion "1"]
[SourceVersionDate "2017.06.22"]
[SourceQuality "1"]

1. e4 c5 2. Nf3 Nc6 3. Bb5 e6 4. 0-0 Nge7 5. c3 a6 6. Ba4 b5 7. Bc2 d5 8. e5 Ng6 9. d4 Be7 10. a4 b4 11. h4 cxd4 12. cxd4 Nxh4 13. Nxh4 Bxh4 14. Be3 Be7 15. Nd2 Na5 16. Bd3 h5 17. Rc1 Bb7 18. b3 Qb6 19. Qf3 Rc8 20. Rxc8+ Bxc8 21. Rc1 Bb7 22. Qe2 g6 23. Bc2 Nc6 24. Nf3 Kd7 25. Bd3 Rc8 26. Qb2 Rc7 27. Rd1 Na5 28. Bd2 Kc8 29. Rc1 Nc6 30. Be3 Kb8 31. Rc2 Bc8 32. Qc1 Bd7 33. Kf1 Rc8 34. Qd2 Kb7 35. Qe2 Rg8 36. a5 Qa7 37. Ra2 Rc8 38. Qd2 Be8 39. Ne1 Ka8 40. Nc2 Qb7 41. Qe2 Ka7 42. Bd2 Bd7 43. Ke1 Rb8 44. Kd1 Bc8 45. Ra4 Qc7 46. Qe1 Bd7 47. Ra2 h4 48. Qe2 Bc8 49. Qf3 Nxa5 50. Qxf7 Nxb3 51. Be1 a5 52. Qxg6 Bd7 53. Qf7 Qd8 54. f4 Qe8 55. Qh7 Rb7 56. Bxh4 Bxh4 57. Qxh4 a4 58. Qe1 Qh5+ 59. Be2 Qg6 60. Qf2 Na5 61. Qe1 Nc4 62. Bxc4 dxc4 63. Kc1 c3 64. d5 exd5 65. e6 Be8 66. Qe3+ Ka8 67. Qe5 Qd3 68. Qe1 b3 0-1

[Event "DEN-chT 1617 55th"]
[Site "Denmark"]
[Date "2017.02.26"]
[Round "7.2"]
[White "Carstensen, Jacob"]
[Black "Brynell, Stellan"]
[Result "1-0"]
[WhiteElo "2380"]
[BlackElo "2450"]
[PlyCount "71"]
[EventDate "2016.10.29"]
[EventType "team-tourn"]
[EventRounds "9"]
[EventCountry "DEN"]
[SourceTitle "EXT 2018"]
[Source "ChessBase"]
[SourceDate "2017.10.13"]
[SourceVersion "1"]
[SourceVersionDate "2017.10.13"]
[SourceQuality "1"]
[WhiteTeam "Bronshoj"]
[BlackTeam "Nordkalotten"]
[WhiteTeamCountry "DEN"]
[BlackTeamCountry "DEN"]

1. e4 e5 2. Nf3 Nc6 3. Bb5 a6 4. Bxc6 dxc6 5. 0-0 Bg4 6. h3 Bh5 7. d3 Bd6 8. Nbd2 Ne7 9. g4 Bg6 10. Nc4 f6 11. Nh4 Qd7 12. Qf3 Bf7 13. Kh2 0-0-0 14. Nxd6+ Qxd6 15. g5 fxg5 16. Bxg5 Be6 17. Qg3 Rd7 18. f4 exf4 19. Bxf4 Qc5 20. Rac1 Rg8 21. Bg5 b6 22. Nf3 h6 23. Bxe7 Rxe7 24. Qe5 Qxe5+ 25. Nxe5 Bxh3 26. Ng6 Re6 27. Rg1 Rxg6 28. Rxg6 Bd7 29. Rcg1 Rf8 30. Rxg7 Rf4 31. Rh7 Rh4+ 32. Kg3 Rh3+ 33. Kf2 Be6 34. Rg6 Bxa2 35. Rxc6 Bb1 36. Rcxc7+ 1-0

[Event "DEN-chT 1617 55th"]
[Site "Denmark"]
[Date "2017.01.29"]
[Round "6.2"]
[White "Carstensen, Jacob"]
[Black "Bekker Jensen, Simon"]
[Result "0-1"]
[WhiteElo "2380"]
[BlackElo "2466"]
[PlyCount "74"]
[EventDate "2016.10.29"]
[EventType "team-tourn"]
[EventRounds "9"]
[EventCountry "DEN"]
[SourceTitle "EXT 2018"]
[Source "ChessBase"]
[SourceDate "2017.10.13"]
[SourceVersion "1"]
[SourceVersionDate "2017.10.13"]
[SourceQuality "1"]
[WhiteTeam "Bronshoj"]
[BlackTeam "Philidor"]
[WhiteTeamCountry "DEN"]
[BlackTeamCountry "DEN"]

1. d4 Nf6 2. c4 g6 3. Nc3 Bg7 4. e4 d6 5. Be2 0-0 6. Nf3 e5 7. Be3 Qe8 8. 0-0 exd4 9. Nxd4 Nxe4 10. Nd5 Na6 11. Nb5 Qd8 12. Bd4 f6 13. Bxa7 Bd7 14. Ndxc7 Nxc7 15. Bb6 Bxb5 16. cxb5 Nc5 17. Rc1 N5e6 18. a4 d5 19. b4 f5 20. Bf3 Kh8 21. Re1 Qd7 22. a5 Rfd8 23. Qe2 Re8 24. Qa2 Rad8 25. Red1 Rc8 26. Be2 d4 27. a6 Nd5 28. Rxc8 Rxc8 29. Bf3 Nxb6 30. Bxb7 Rd8 31. Bc6 Qd6 32. a7 Nc7 33. Qa5 Nca8 34. g3 d3 35. Qa6 d2 36. Bxa8 Nxa8 37. Qc6 Qxb4 0-1